[Event "22. Copenhagen Open  (Politiken Cup)"]
[Site "Copenhagen"]
[Date "2000.07.21"]
[Round "5"]
[White "Jacobsen, Jesper Howalt"]
[Black "Einarson, Erland"]
[Result "1-0"]
[WhiteElo "1289"]
[BlackElo "1100"]
[PlyCount "115"]
[EventDate "2000.07.17"]
[EventType "swiss"]
[EventRounds "11"]
[EventCountry "DEN"]
[SourceDate "2004.01.01"]

1. d4 d5 2. Nf3 Nf6 3. e3 Bg4 4. Be2 Nc6 5. Nbd2 e6 6. O-O Bd6 7. c4 Ne4 8. c5
Be7 9. Qc2 Bf5 10. Bd3 Nb4 11. Qa4+ Nc6 12. Bb5 O-O 13. Bxc6 bxc6 14. Qxc6 f6
15. Nh4 Kh8 16. Nxf5 exf5 17. Nxe4 fxe4 18. f3 f5 19. fxe4 fxe4 20. Bd2 Rf6 21.
Rxf6 Bxf6 22. Rf1 Rb8 23. b4 Bg5 24. a3 Qc8 25. h3 a6 26. Qxd5 Bh6 27. Qxe4 Qd7
28. Qd3 Qe6 29. Qf5 Bxe3+ 30. Bxe3 Qxe3+ 31. Kh1 h6 32. Qe5 Qxa3 33. Qxc7 Rxb4
34. Qd8+ Kh7 35. c6 Qd3 36. Rc1 Rc4 37. Rxc4 Qxc4 38. c7 Qf1+ 39. Kh2 Qf4+ 40.
Kg1 Qe3+ 41. Kf1 Qc1+ 42. Ke2 Qc4+ 43. Ke3 Qe6+ 44. Kd3 Qb3+ 45. Ke4 Qe6+ 46.
Kf4 g5+ 47. Kf3 g4+ 48. hxg4 Qc6+ 49. Kf4 Qc1+ 50. Ke5 Qe3+ 51. Kd5 Qb3+ 52.
Kc6 Qb5+ 53. Kd6 Qb4+ 54. Kd7 Qxd4+ 55. Kc8 Qxg4+ 56. Qd7+ Qg7 57. Qxg7+ Kxg7
58. Kd7 1-0

[Event "22. Copenhagen Open  (Politiken Cup)"]
[Site "Copenhagen"]
[Date "2000.07.21"]
[Round "5"]
[White "Jessen, Simon Pind"]
[Black "Baekgaard, Martin"]
[Result "1-0"]
[WhiteElo "2126"]
[BlackElo "2170"]
[PlyCount "61"]
[EventDate "2000.07.17"]
[EventType "swiss"]
[EventRounds "11"]
[EventCountry "DEN"]
[SourceDate "2004.01.01"]

1. d4 f5 2. Bg5 g6 3. e3 Bg7 4. c3 Nf6 5. Bxf6 Bxf6 6. Nd2 c5 7. dxc5 Qc7 8.
Nb3 Na6 9. Qd5 Rb8 10. Bc4 e6 11. Qd6 Qxd6 12. cxd6 b5 13. Be2 b4 14. Nd4 bxc3
15. bxc3 Nc5 16. Ngf3 Rb2 17. Nd2 Na4 18. Nc4 Bxd4 19. cxd4 Rxe2+ 20. Kxe2 Ba6
21. Rhc1 Nb6 22. Rab1 O-O 23. Rxb6 axb6 24. Kd2 f4 25. e4 f3 26. g3 Bb7 27. Ke3
Ra8 28. Nxb6 Rxa2 29. Nxd7 Re2+ 30. Kxf3 Rxe4 31. Nf6+ 1-0

[Event "22. Copenhagen Open  (Politiken Cup)"]
[Site "Copenhagen"]
[Date "2000.07.21"]
[Round "5"]
[White "Jorgensen, Arne Bjorn"]
[Black "Jensen, Michael Bremerskov"]
[Result "1-0"]
[WhiteElo "2006"]
[BlackElo "1358"]
[PlyCount "123"]
[EventDate "2000.07.17"]
[EventType "swiss"]
[EventRounds "11"]
[EventCountry "DEN"]
[SourceDate "2004.01.01"]

1. d4 d5 2. c4 dxc4 3. Nc3 Nf6 4. e3 g6 5. Bxc4 Bg7 6. Nf3 b6 7. Ne5 O-O 8. Qf3
c6 9. Nxc6 Nxc6 10. Qxc6 Bd7 11. Qf3 Qc7 12. Qe2 e6 13. h3 Bc6 14. O-O Rad8 15.
b3 e5 16. dxe5 Qxe5 17. Bb2 Qg5 18. f4 Qc5 19. Rac1 Nh5 20. Qf2 Rfe8 21. Nd1
Qd6 22. Bxg7 Kxg7 23. g4 Nf6 24. Qb2 Kg8 25. Qc3 Ba8 26. Nf2 Rc8 27. Qd4 Qe7
28. Rfe1 Rcd8 29. Qc3 Ne4 30. Qb2 Qh4 31. Nxe4 Bxe4 32. Qh2 Rd2 33. Re2 Rxe2
34. Bxe2 Rd8 35. Bf1 Qe7 36. Qf2 Qb4 37. Rc4 Qe7 38. Bg2 Bd3 39. Rc1 Qb4 40.
Rd1 Qc3 41. Qd2 Qxd2 42. Rxd2 Rd7 43. e4 Bb5 44. Rxd7 Bxd7 $11 45. Kf2 f5 46.
exf5 gxf5 47. g5 h6 48. h4 hxg5 49. fxg5 Kg7 50. Kg3 Kg6 51. Bf3 a6 52. b4 a5
53. a3 axb4 54. axb4 Be6 55. Kf4 Bg8 56. Ke5 b5 57. Kf4 Be6 58. h5+ Kg7 59. Ke5
Bc8 60. Bc6 Kf7 61. Bxb5 Kg7 62. Bd3 1-0

[Event "22. Copenhagen Open  (Politiken Cup)"]
[Site "Copenhagen"]
[Date "2000.07.21"]
[Round "5"]
[White "Kokholm, Daniel"]
[Black "Dongart, Dennis"]
[Result "1-0"]
[WhiteElo "1732"]
[BlackElo "2138"]
[Annotator "Daniel Kokholm"]
[PlyCount "63"]
[EventDate "2000.07.17"]
[EventType "swiss"]
[EventRounds "11"]
[EventCountry "DEN"]
[SourceDate "2004.01.01"]

1. d4 d5 2. e4 dxe4 3. Nc3 c6 4. Bc4 Nf6 5. f3 exf3 6. Nxf3 e6 {Sorts made at
spille det pa er interessant. Normalt bliver ...c6 spillet nar hvid har slaet
pa f3 med dronningen.} 7. Be3 Nbd7 8. O-O Bd6 9. h3 {Allerede her er der
forskellige trusler fra hvids side. Eksempelvis Dc7 besvares starkt med Sg5} b6
10. a4 Bb7 11. Ng5 O-O 12. Bd3 {Dette trak binder selvfolgelig Sf6. Hvis
springeren gar kommer Lxh7 og Dh5 og sort kan give op.} h6 13. Nge4 Nxe4 14.
Nxe4 Be7 15. Qh5 Nf6 $8 16. Nxf6+ Bxf6 {[#]} 17. Rxf6 Qxf6 18. Rf1 Qd8 19. Rf3
(19. Bxh6 {er fristende men efter} gxh6 20. Qxh6 Qxd4+ 21. Kh1 Qg7 $19) 19...
f5 $8 20. Rg3 Qc7 21. Qg6 $11 {Hvid er bange for at sort er ved at parere
hvids angreb og da sort "kun" har 10 minutter til tidskontrollen finder jeg
tilbudet korrekt.} Kh8 {Respekt. En mand som skal lave 20 trak pa fem minutter
i sadan en interessant stilling bor nok tage remisen.} 22. Bf4 $3 {Sammen med
Txf6 er dette hvids bedste trak.} Qf7 {Med et minut tilbage pa uret tror sort
at problemerne er ude af verden men} 23. Be5 $1 {Egentlig utroligt. Jeg er
bagud med kvalitet og bonde og bliver tvunget til dronningafbytning men
desvarre for sort er stillingen tabt da bonderne h6, e6 og f5 stille og roligt
bliver plukket.} Qxg6 24. Rxg6 Rf7 25. Rxh6+ Kg8 26. Rxe6 Kf8 27. Bd6+ Kg8 28.
Be5 Rc8 29. Rg6 {Truer Lc4} Kh7 30. Rg5 g6 31. g4 {Sort er krollet helt sammen}
fxg4 {Med remistilbud !! Han ma vare lige lovlig optimistisk} 32. Rh5+ {[#]}
1-0

[Event "22. Copenhagen Open  (Politiken Cup)"]
[Site "Copenhagen"]
[Date "2000.07.21"]
[Round "5"]
[White "Kragh, Niels Kristian"]
[Black "Radovic, Slobodan"]
[Result "1-0"]
[WhiteElo "1966"]
[BlackElo "1389"]
[PlyCount "45"]
[EventDate "2000.07.17"]
[EventType "swiss"]
[EventRounds "11"]
[EventCountry "DEN"]
[SourceDate "2004.01.01"]

1. e4 c5 2. Nf3 d6 3. d4 cxd4 4. Nxd4 Nf6 5. Nc3 a6 6. Bg5 e5 7. Bxf6 gxf6 8.
Nf5 Bxf5 9. exf5 Nd7 10. Nd5 Nb6 11. Be2 Nxd5 12. Qxd5 Qb6 13. Bc4 Qc7 14.
O-O-O Rg8 15. Rd3 Rg7 16. Re1 O-O-O 17. Rc3 Kb8 18. Bxa6 bxa6 19. Rxc7 Kxc7 20.
Re4 Kd7 21. Rb4 Be7 22. Rb7+ Ke8 23. Qc6+ 1-0

[Event "22. Copenhagen Open  (Politiken Cup)"]
[Site "Copenhagen"]
[Date "2000.07.21"]
[Round "5"]
[White "Kristensen, Jonas Rune"]
[Black "Jensen, Dan Bronnum"]
[Result "1-0"]
[WhiteElo "1696"]
[BlackElo "1438"]
[PlyCount "75"]
[EventDate "2000.07.17"]
[EventType "swiss"]
[EventRounds "11"]
[EventCountry "DEN"]
[SourceDate "2004.01.01"]

1. d4 d5 2. c4 e6 3. Nc3 Nf6 4. Bg5 Nbd7 5. cxd5 exd5 6. Nf3 c6 7. e3 Qa5 8. a3
Be7 9. b4 Qd8 10. Bd3 a6 11. Qc2 Nf8 12. O-O h6 13. Bh4 Bg4 14. Ne5 Bh5 15. Na4
Ng4 16. Bxe7 Qxe7 17. Nf3 Nf6 18. Nh4 Qc7 19. f3 O-O-O 20. Rac1 N6d7 21. Nc5
Nxc5 22. bxc5 Kb8 23. Rb1 Kc8 24. Nf5 Kd7 25. Nd6 Rb8 26. Bxa6 Bg6 27. Bd3 Bxd3
28. Qxd3 b5 29. Qf5+ Kd8 30. Nxf7+ Ke8 31. Nxh8 Qe7 32. e4 Ne6 33. Qe5 Ra8 34.
exd5 cxd5 35. Rfe1 Ra6 36. Rxb5 Qa7 37. Rb8+ Ke7 38. Qxg7# 1-0

[Event "22. Copenhagen Open  (Politiken Cup)"]
[Site "Copenhagen"]
[Date "2000.07.21"]
[Round "5"]
[White "Lardot, Derik"]
[Black "Jorgensen, Brian"]
[Result "1/2-1/2"]
[WhiteElo "2019"]
[BlackElo "2227"]
[PlyCount "175"]
[EventDate "2000.07.17"]
[EventType "swiss"]
[EventRounds "11"]
[EventCountry "DEN"]
[SourceDate "2004.01.01"]

1. e4 d5 2. exd5 Qxd5 3. Nc3 Qa5 4. Nf3 Nf6 5. d4 c6 6. Be2 Bf5 7. O-O e6 8.
Re1 Nbd7 9. Bd2 Qc7 10. Ne5 Bd6 11. f4 h5 12. Bd3 Bxd3 13. Nxd3 O-O-O 14. Qf3
Nb6 15. Ne4 Nxe4 16. Rxe4 Nc4 17. Be1 Be7 18. c3 Nd6 19. Re2 Bf6 20. Bf2 Nf5
21. Rae1 Rd5 22. a3 g6 23. g3 Rhd8 24. Kg2 Bg7 25. h3 Bf8 26. b4 Bg7 27. Rc1
Rg8 28. Rce1 Nd6 29. Nb2 Nf5 30. Nd3 Bf6 31. Kf1 Rdd8 32. h4 Nd6 33. Nb2 Kb8
34. Bg1 Qd7 35. Qd3 Nf5 36. Qf3 Qd5 37. Qxd5 cxd5 38. Kg2 Rc8 39. Nd1 Nd6 40.
Rc2 Nb5 41. Ree2 Nxa3 42. Ra2 Nb5 43. Re3 Rc6 44. Bf2 Rd8 45. Kf3 Rdd6 46. Ra5
Nc7 47. Be1 Ra6 48. Rxa6 Rxa6 49. Ke2 Nb5 50. Kd3 Nd6 51. Re2 Ra1 52. Ne3 Kc7
53. g4 Kd7 54. f5 b6 55. fxe6+ fxe6 56. gxh5 gxh5 57. Ng2 Nf5 58. Nf4 Ng7 59.
c4 Rd1+ 60. Bd2 dxc4+ 61. Kxc4 Rh1 62. Ng6 a6 63. d5 e5 64. Nxe5+ Bxe5 65. Rxe5
Rxh4+ 66. Kc3 Kd6 67. Rg5 Rg4 68. Bf4+ Kd7 69. Kd3 Rxg5 70. Bxg5 Nf5 71. Ke4
Nd6+ 72. Kd3 Nf7 73. Be3 Ne5+ 74. Kd4 Ng4 75. Bg5 Kd6 76. Bf4+ Ke7 77. Bg5+ Kf7
78. Bd8 a5 79. bxa5 bxa5 80. Bxa5 h4 81. Be1 h3 82. Bg3 Nh6 83. Ke4 Ng4 84. Kf3
Nf6 85. d6 Ke6 86. Bh2 Ne8 87. Kg4 Nxd6 88. Kxh3 1/2-1/2

[Event "22. Copenhagen Open  (Politiken Cup)"]
[Site "Copenhagen"]
[Date "2000.07.21"]
[Round "5"]
[White "Laustsen, Lars"]
[Black "Rytter, Morten"]
[Result "1-0"]
[WhiteElo "1974"]
[BlackElo "1576"]
[PlyCount "61"]
[EventDate "2000.07.17"]
[EventType "swiss"]
[EventRounds "11"]
[EventCountry "DEN"]
[SourceDate "2004.01.01"]

1. d4 Nf6 2. c4 e6 3. g3 d5 4. Bg2 dxc4 5. Nf3 Nc6 6. Qa4 Bd7 7. Qxc4 Bd6 8.
O-O O-O 9. Nbd2 Rb8 10. e4 e5 11. dxe5 Nxe5 12. Nxe5 Bxe5 13. Qc5 Bd6 14. Qxa7
Bb5 15. Re1 b6 16. e5 Re8 17. a4 Bd3 18. Nf3 Be4 19. exd6 Qxd6 20. Bf4 Qb4 21.
Qxc7 Rbc8 22. Qd6 Qxb2 23. Be5 Qb3 24. Nd4 Qd5 25. Bxe4 Qxd6 26. Bxh7+ Kxh7 27.
Bxd6 Rcd8 28. Nb5 Ne4 29. Bc7 Rd2 30. Bxb6 f5 31. f3 1-0

[Event "22. Copenhagen Open  (Politiken Cup)"]
[Site "Copenhagen"]
[Date "2000.07.21"]
[Round "5"]
[White "Lund, Silas"]
[Black "Keeling, Geoff"]
[Result "1-0"]
[WhiteElo "2261"]
[BlackElo "2073"]
[PlyCount "91"]
[EventDate "2000.07.17"]
[EventType "swiss"]
[EventRounds "11"]
[EventCountry "DEN"]
[SourceDate "2004.01.01"]

1. c4 e5 2. Nc3 d6 3. Nf3 f5 4. d4 e4 5. Ng5 Be7 6. Nh3 c6 7. e3 Nf6 8. Be2 O-O
9. b3 Na6 10. Bb2 Nc7 11. d5 c5 12. Qd2 Bd7 13. O-O Ng4 14. f3 exf3 15. gxf3
Nxe3 16. Qxe3 f4 17. Nxf4 Bg5 18. Ne4 Bxf4 19. Qf2 Bh3 20. Rfe1 Rf5 21. Bf1
Bxf1 22. Rxf1 Qe7 $11 23. Rae1 Qf7 24. Ng3 Rg5 25. Re4 Rf8 26. Rxf4 Qxf4 27.
Bc1 Qf6 28. Bxg5 Qxg5 29. Re1 Qf6 30. Kg2 h6 31. Ne4 Qf4 32. Qg3 Qxg3+ 33. hxg3
Rd8 34. g4 Ne8 35. Ng3 Kf7 36. Nf5 Rd7 37. Re6 Kf8 38. Kg3 Kf7 39. Kh4 Kf8 40.
f4 a6 41. a4 Kf7 42. a5 Kf8 43. g5 hxg5+ 44. fxg5 Rf7 45. Rxe8+ Kxe8 46. Nxd6+
1-0

[Event "22. Copenhagen Open  (Politiken Cup)"]
[Site "Copenhagen"]
[Date "2000.07.21"]
[Round "5"]
[White "Madhy, Nezar"]
[Black "Thomsen, Heinrich Kirch"]
[Result "0-1"]
[WhiteElo "1682"]
[BlackElo "1432"]
[PlyCount "80"]
[EventDate "2000.07.17"]
[EventType "swiss"]
[EventRounds "11"]
[EventCountry "DEN"]
[SourceDate "2004.01.01"]

1. d4 Nf6 2. c4 g6 3. Nc3 Bg7 4. Bg5 O-O 5. e3 d6 6. Nf3 Nbd7 7. Be2 h6 8. Bh4
e5 9. dxe5 dxe5 10. Qc2 Re8 11. Rd1 g5 12. Bg3 Nh5 13. Bxe5 g4 14. Bxg7 gxf3
15. Bxh6 fxe2 16. Rd5 Re5 17. Qd3 Qf6 18. Ne4 Qxh6 19. Rxe5 Nxe5 20. Qd8+ Kh7
21. f4 Nxf4 22. Ng5+ Kg7 23. exf4 Nc6 24. Qd3 f6 25. Qc3 Qg6 26. Kxe2 Bg4+ 27.
Kf2 Re8 28. Nf3 Re4 29. h3 Be6 30. g3 Rxc4 31. Qe3 Rc2+ 32. Nd2 Bd5 33. Rd1
Rxb2 34. Ke1 Rxa2 35. g4 Qf7 36. Nf1 Qe6 37. Rxd5 Qxd5 38. g5 Nd4 39. gxf6+
Kxf6 40. Qg1 Re2+ (40... Nf3#) 0-1

[Event "22. Copenhagen Open  (Politiken Cup)"]
[Site "Copenhagen"]
[Date "2000.07.21"]
[Round "5"]
[White "Malvild, Robert"]
[Black "Nielsen, Carsten Juul"]
[Result "1/2-1/2"]
[WhiteElo "2029"]
[BlackElo "2117"]
[PlyCount "111"]
[EventDate "2000.07.17"]
[EventType "swiss"]
[EventRounds "11"]
[EventCountry "DEN"]
[SourceDate "2004.01.01"]

1. e4 Nc6 2. Nc3 e6 3. d4 d5 4. e5 Nge7 5. Nf3 b6 6. Bb5 Bd7 7. O-O Ng6 8. g3
Bb4 9. Qe2 Na5 10. Nd1 Be7 11. Bd3 c5 12. c3 Nc6 13. a3 f6 14. h4 f5 15. Ne3
O-O 16. Ng2 Nh8 17. Nf4 g6 18. Bb5 Qc7 19. Ng5 Bxg5 20. hxg5 cxd4 21. Bxc6 d3
22. Qxd3 Qxc6 23. Ne2 Qb5 24. Qd1 Nf7 25. f4 h5 $11 26. Nd4 Qc5 27. Be3 Qe7 28.
a4 Rac8 29. Qd3 Rc7 30. a5 Rb8 31. axb6 axb6 32. Ra6 b5 33. b4 Qe8 34. Rfa1 Qc8
35. R1a3 Nd8 36. Ne2 Rcb7 37. Bc5 Nf7 38. Qe3 Qe8 39. Nc1 Rc8 40. Ra7 Rxa7 41.
Rxa7 Ra8 42. Nb3 Rxa7 43. Bxa7 Qc8 44. Na5 Nd8 45. Kf2 Nc6 46. Bc5 Qa8 47. Bb6
d4 48. Qd2 Qa6 49. Bxd4 Nxa5 50. bxa5 Qxa5 51. Bc5 Qc7 52. Qd4 Bc6 53. Bd6 Qa5
54. Bb4 Qa2+ 55. Ke3 Qd5 56. Qxd5 1/2-1/2

[Event "22. Copenhagen Open  (Politiken Cup)"]
[Site "Copenhagen"]
[Date "2000.07.21"]
[Round "5"]
[White "Manley, Christian"]
[Black "Nielsen, Rune"]
[Result "0-1"]
[WhiteElo "1204"]
[BlackElo "1611"]
[PlyCount "70"]
[EventDate "2000.07.17"]
[EventType "swiss"]
[EventRounds "11"]
[EventCountry "DEN"]
[SourceDate "2004.01.01"]

1. d4 d5 2. c4 c6 3. cxd5 cxd5 4. Nc3 Nf6 5. g3 e6 6. Bf4 Nc6 7. a3 Bd7 8. Bg2
Qb6 9. Rb1 Nxd4 10. Be5 Nc6 11. Bxf6 gxf6 12. Nf3 Bg7 13. O-O O-O 14. e3 Rac8
15. Kh1 f5 16. Ng5 h6 17. Nh3 Rfd8 18. Nf4 Ne5 19. Re1 Ng4 20. Kg1 Bc6 21. h3
d4 22. Qe2 dxc3 23. hxg4 Bxg2 24. Kxg2 Qc6+ 25. Kg1 c2 26. Rbc1 Bxb2 27. Nd3
Bxc1 28. Nxc1 Qc4 29. Kf1 Rd2 30. Qxc4 Rxc4 31. gxf5 exf5 32. Nb3 Rd1 33. Ke2
Rxe1+ 34. Kxe1 c1=Q+ 35. Nxc1 Rxc1+ 0-1

[Event "22. Copenhagen Open  (Politiken Cup)"]
[Site "Copenhagen"]
[Date "2000.07.21"]
[Round "5"]
[White "Mashiri, Arthur"]
[Black "Keeling, Karen"]
[Result "1/2-1/2"]
[WhiteElo "2045"]
[BlackElo "1680"]
[PlyCount "87"]
[EventDate "2000.07.17"]
[EventType "swiss"]
[EventRounds "11"]
[EventCountry "DEN"]
[SourceDate "2004.01.01"]

1. f4 d5 2. Nf3 Bg4 3. g3 Bxf3 4. exf3 g6 5. c3 c5 6. b3 Bg7 7. Bd3 e6 8. Qe2
Ne7 9. Na3 O-O 10. Nc2 Nbc6 11. O-O a6 12. Ba3 Qa5 13. Kh1 Rfe8 14. Rae1 Rac8
15. Qf2 Nb8 16. b4 cxb4 17. Bxb4 Qc7 18. Rg1 Nbc6 19. Bc5 b5 20. Bf1 Qd7 21. d4
Na5 22. Bb4 Nc4 23. Ne3 Nxe3 24. Qxe3 Nf5 25. Qd2 Bf8 26. Bxf8 Kxf8 27. g4 Nd6
28. Bd3 Kg7 29. Rg2 Kg8 30. h4 Kg7 31. Bb1 Rc4 32. Bd3 Rcc8 33. h5 Kg8 34. Bb1
Kg7 35. Rh2 Kg8 36. hxg6 hxg6 37. f5 exf5 38. Re5 f6 39. Re1 Rxe1+ 40. Qxe1 Re8
41. Qh4 Qg7 42. gxf5 g5 43. Qf2 Qe7 44. Rg2 1/2-1/2

[Event "22. Copenhagen Open  (Politiken Cup)"]
[Site "Copenhagen"]
[Date "2000.07.21"]
[Round "5"]
[White "Matthiesen, Martin"]
[Black "Petersen, Nils"]
[Result "1/2-1/2"]
[WhiteElo "2300"]
[BlackElo "2038"]
[PlyCount "122"]
[EventDate "2000.07.17"]
[EventType "swiss"]
[EventRounds "11"]
[EventCountry "DEN"]
[SourceDate "2004.01.01"]

1. d4 d5 2. c4 e6 3. Nc3 c6 4. e3 f5 5. Bd3 Nf6 6. Nge2 Bd6 7. Qc2 Nbd7 8. cxd5
cxd5 9. Nb5 Bb8 10. Bd2 a6 11. Rc1 Kf7 12. Nc7 Bxc7 13. Qxc7 Qxc7 14. Rxc7 Ne8
15. Rc2 b6 16. f3 Bb7 17. Kf2 Nef6 18. Rc7 Rab8 19. h3 h5 20. h4 Rhd8 21. Nf4
Ne8 22. Rc2 Ndf6 23. a4 Rbc8 24. Bc3 Nd6 25. Rhc1 Nde8 26. Be2 g6 27. Nd3 Nd7
28. Kg3 Nd6 29. Kf4 Kf6 30. b3 Nf7 31. a5 b5 32. Kg3 Ke7 33. Nf4 Kf6 34. Kf2
Rc7 35. Ke1 Rdc8 36. Kd2 Nd6 37. Nd3 Kf7 38. Nf4 Ne8 39. Bf1 Nef6 40. Nd3 Ne8
41. Ra2 Nef6 42. Raa1 Ne8 43. Nb4 Ndf6 44. Bd3 Nd6 45. Na2 Nde8 46. Rh1 Ng7 47.
Bb4 Nge8 48. Nc1 Nd7 49. Bb1 e5 50. dxe5 Nxe5 51. Ne2 Nd7 52. Bd3 Ne5 53. Bb1
Nc6 54. Bc3 b4 55. Bb2 Nd6 56. Ra4 Nb5 57. Rc1 Re7 58. Nf4 Rd8 59. Bd3 d4 60.
exd4 Nbxd4 61. Bc4+ Ke8 $11 1/2-1/2

[Event "22. Copenhagen Open  (Politiken Cup)"]
[Site "Copenhagen"]
[Date "2000.07.21"]
[Round "5"]
[White "McShane, Rod"]
[Black "Moller, Arne"]
[Result "0-1"]
[WhiteElo "1400"]
[BlackElo "2026"]
[PlyCount "54"]
[EventDate "2000.07.17"]
[EventType "swiss"]
[EventRounds "11"]
[EventCountry "DEN"]
[SourceDate "2004.01.01"]

1. e4 c5 2. Nf3 d6 3. d4 cxd4 4. Nxd4 Nf6 5. Nc3 g6 6. Be3 Bg7 7. f3 Nc6 8. Qd2
O-O 9. Bc4 a6 10. O-O-O Na5 11. Bb3 Nxb3+ 12. Nxb3 b5 13. g4 Nd7 14. Bh6 Ne5
15. Bxg7 Kxg7 16. Qd4 Kg8 17. Rdf1 Be6 18. h4 Rc8 19. h5 Bc4 20. Rf2 b4 21. Nd5
e6 22. Nxb4 a5 23. hxg6 fxg6 24. Nxa5 Qxa5 25. Qxd6 Rcd8 26. Qe7 Rf7 27. Qg5
Nd3+ 0-1

[Event "22. Copenhagen Open  (Politiken Cup)"]
[Site "Copenhagen"]
[Date "2000.07.21"]
[Round "5"]
[White "Mortensen, Erling"]
[Black "Mikhalevski, Victor"]
[Result "1/2-1/2"]
[WhiteElo "2438"]
[BlackElo "2532"]
[PlyCount "123"]
[EventDate "2000.07.17"]
[EventType "swiss"]
[EventRounds "11"]
[EventCountry "DEN"]
[SourceDate "2004.01.01"]

1. e4 c5 2. Nf3 d6 3. d4 cxd4 4. Nxd4 Nf6 5. Nc3 g6 6. Be3 Bg7 7. f3 Nc6 8. Qd2
O-O 9. Bc4 Bd7 10. O-O-O Rc8 11. Bb3 Ne5 12. Kb1 Nc4 13. Bxc4 Rxc4 14. g4 Qb8
15. h4 Rfc8 16. h5 Rxc3 17. bxc3 Qc7 18. hxg6 fxg6 19. Nb3 Qxc3 20. Qxc3 Rxc3
21. Rd3 Rc8 22. Bxa7 Bb5 23. Rd2 Nd7 24. Bd4 Ne5 25. Rf2 Rf8 26. Rh3 Bd7 27.
Rg3 h6 28. c3 Be6 29. Nd2 Rc8 30. Rf1 g5 31. Rg2 b5 32. Rh2 Ra8 33. Nb3 Bc4 34.
Rff2 Kh7 35. Rh3 Kg6 36. Rfh2 Bd3+ 37. Ka1 Rf8 38. Nd2 Rc8 39. a3 Bc2 40. Kb2
Bd1 41. Kc1 Ba4 42. Kb1 Rf8 43. Rh1 Rc8 $11 44. Ka2 Nd3 45. Bxg7 Kxg7 46. Nb1
Nf2 47. Rxh6 Nxh1 48. Rxh1 Bc2 49. Kb2 Bxb1 50. Rxb1 Kf6 51. Rd1 Rc5 52. Rh1
Ke5 53. Rh7 Kf4 54. Rf7+ Ke3 55. Kc2 Rc4 56. Rf5 e5 57. Rf6 Ra4 58. Kb2 Rc4 59.
Kb3 Ke2 60. Kc2 Ra4 61. Kb2 Rc4 62. Kc2 1/2-1/2

[Event "22. Copenhagen Open  (Politiken Cup)"]
[Site "Copenhagen"]
[Date "2000.07.21"]
[Round "5"]
[White "Mortensen, Henrik"]
[Black "Jensen, Kasper Smith"]
[Result "1-0"]
[WhiteElo "2089"]
[BlackElo "2157"]
[PlyCount "55"]
[EventDate "2000.07.17"]
[EventType "swiss"]
[EventRounds "11"]
[EventCountry "DEN"]
[SourceDate "2004.01.01"]

1. d4 Nf6 2. Nf3 e6 3. e3 d5 4. Bd3 c5 5. c3 Nc6 6. Nbd2 Bd6 7. O-O O-O 8. dxc5
Bxc5 9. e4 dxe4 10. Nxe4 Be7 11. b4 Nxe4 12. Bxe4 Qxd1 13. Rxd1 Bf6 14. Bd2 Rd8
15. Rab1 Bd7 16. c4 Rab8 17. Be3 Be8 18. a3 b6 19. c5 Be7 20. b5 Na5 21. c6
Rbc8 22. a4 Nxc6 23. bxc6 Bxc6 24. Rxd8+ Bxd8 25. Bxc6 Rxc6 26. Rc1 Rd6 27. Kf1
Kf8 28. Nd4 1-0

[Event "22. Copenhagen Open  (Politiken Cup)"]
[Site "Copenhagen"]
[Date "2000.07.21"]
[Round "5"]
[White "Maechel, Michael"]
[Black "Karlstrom, Henrik"]
[Result "1/2-1/2"]
[WhiteElo "1611"]
[BlackElo "1296"]
[PlyCount "109"]
[EventDate "2000.07.17"]
[EventType "swiss"]
[EventRounds "11"]
[EventCountry "DEN"]
[SourceDate "2004.01.01"]

1. e4 c5 2. Nf3 d6 3. Bc4 Nc6 4. c3 Nf6 5. d3 g6 6. O-O Bg7 7. h3 O-O 8. Be3
Bd7 9. a3 Ne8 10. Nbd2 Nc7 11. Qc2 b5 12. Ba2 a5 13. d4 c4 14. d5 Ne5 15. Nxe5
Bxe5 16. f4 Bg7 17. Rad1 f5 18. b3 cxb3 19. Bxb3 fxe4 20. Qxe4 Bf5 21. Qf3 Bxc3
22. Bb6 Bb2 23. g4 Bd7 24. Bc2 Qb8 25. Bxc7 Qxc7 26. Qe4 Rf7 27. f5 g5 28. Nf3
Bf6 29. h4 h6 30. hxg5 hxg5 31. Kg2 Rh7 32. Rh1 Rxh1 33. Rxh1 Kg7 34. Nxg5 Qc4
35. Ne6+ Bxe6 36. fxe6 Qxe4+ 37. Bxe4 Rh8 38. Rb1 Rb8 39. a4 b4 40. Rb3 Kh6 41.
Kf3 Kg5 42. Bf5 Rc8 43. Ke2 Rc5 44. Rh3 Kf4 45. Rh6 Rxd5 46. Rh3 Rc5 47. Rf3+
Kg5 48. Kd1 d5 49. Bd3 d4 50. Rf5+ Rxf5 51. gxf5 Kf4 52. Ke2 Ke5 53. Kd2 Kd5
54. Kc2 Kc5 55. Kb3 1/2-1/2

[Event "22. Copenhagen Open  (Politiken Cup)"]
[Site "Copenhagen"]
[Date "2000.07.21"]
[Round "5"]
[White "Nedergaard, Klaus"]
[Black "Andersen, Finn"]
[Result "0-1"]
[WhiteElo "1012"]
[BlackElo "1531"]
[PlyCount "56"]
[EventDate "2000.07.17"]
[EventType "swiss"]
[EventRounds "11"]
[EventCountry "DEN"]
[SourceDate "2004.01.01"]

1. b4 e5 2. a3 d6 3. Bb2 Nf6 4. e3 Be7 5. Be2 Bf5 6. Nf3 Nbd7 7. O-O Nb6 8. a4
a5 9. b5 e4 10. Nd4 Qd7 11. Nxf5 Qxf5 12. d3 d5 13. c4 dxc4 14. dxc4 Rd8 15.
Qc2 Nbd7 16. Nc3 Ne5 17. Rac1 O-O 18. Nb1 Qg5 19. Nd2 Rxd2 20. Qxd2 Nf3+ 21.
Bxf3 exf3 22. g3 Qg4 23. Qd1 Rd8 24. Bd4 Qh5 25. Rc3 Ne4 26. Rd3 c5 27. Be5
Rxd3 28. Qxd3 Qh3 0-1

[Event "22. Copenhagen Open  (Politiken Cup)"]
[Site "Copenhagen"]
[Date "2000.07.21"]
[Round "5"]
[White "Nicolaisen, Erik"]
[Black "Petersen, Kim Linde"]
[Result "1-0"]
[WhiteElo "2035"]
[BlackElo "1454"]
[PlyCount "91"]
[EventDate "2000.07.17"]
[EventType "swiss"]
[EventRounds "11"]
[EventCountry "DEN"]
[SourceDate "2004.01.01"]

1. e4 e5 2. Nf3 Nc6 3. Nc3 Nf6 4. d4 exd4 5. Nxd4 Bb4 6. Nxc6 bxc6 7. Bd3 d5 8.
exd5 cxd5 9. O-O c6 10. Bg5 Be6 11. Qf3 Be7 12. h3 Rb8 13. b3 h6 14. Bf4 Bd6
15. Ne2 Qc7 16. Rfe1 Rb4 17. Bxd6 Qxd6 18. c3 Rh4 19. Nd4 O-O 20. Qg3 Rf4 21.
Ne2 Nh5 22. Qh2 g5 23. Nxf4 gxf4 24. Be2 Ng3 25. Rad1 Bf5 26. Bf3 Kh8 27. b4 a5
28. Rd4 axb4 29. cxb4 Ra8 30. Ra1 Qe5 31. Rdd1 Re8 32. Bg4 Bc2 33. Rdc1 f5 34.
Bf3 Kh7 35. h4 Qd4 36. Qh3 Re2 37. Bxe2 Nxe2+ 38. Kh2 Nxc1 39. Rxc1 Qxf2 40. h5
Qg3+ 41. Qxg3 fxg3+ 42. Kxg3 Ba4 43. Kf4 d4 44. Rc4 Bd1 45. Rxd4 Bxh5 46. Rd6
1-0

[Event "22. Copenhagen Open  (Politiken Cup)"]
[Site "Copenhagen"]
[Date "2000.07.21"]
[Round "5"]
[White "Nielsen, Dagh"]
[Black "Henrichsen, Jens"]
[Result "0-1"]
[WhiteElo "1576"]
[BlackElo "2046"]
[PlyCount "35"]
[EventDate "2000.07.17"]
[EventType "swiss"]
[EventRounds "11"]
[EventCountry "DEN"]
[SourceDate "2004.01.01"]

1. e4 c5 2. Nf3 Nc6 3. d4 cxd4 4. Nxd4 e6 5. Nc3 Qc7 6. Be2 a6 7. O-O Nf6 8.
Kh1 Be7 9. f4 d6 10. Be3 O-O 11. Qe1 Bd7 12. Qg3 b5 13. a3 Rab8 14. f5 Kh8 15.
Nf3 b4 16. axb4 Rxb4 17. fxe6 fxe6 18. Bh6 0-1